000 00289nam a22001097a 4500
008 230704b xxu||||| |||| 00| 0 eng d
082 _a342
_bJEN 1952
245 _aConstitutional Laws of the Commonwealth
260 _aLondon
_bClarendon Press
_c1952
300 _aXVIII,520p
942 _2ddc
_cBK
999 _c3594
_d3594